=LDR 00000nam 2200000 4500 =001 INLIS000000000037348 =005 20130612143100 =008 ***********************************Ind** =035 ##$$0010-061300000037348 =041 ##$$a Ind =082 ##$$a 613 =090 ##$$a 613, Cah m =100 ##$$a Cahyono, J.B. Suharjo B =245 ##$$a Meraih kekuatan penyembuhan diri yang tak terbatas, J.B.Suharjo B. Cahyono =260 ##$$a 2011 $b Jakarta =300 ##$$a xxii,263 hlm., ilus, 23 cm =650 ##$$a Kesehatan =850 ##$$a NBPNMAT